Normal view
MARC view
Entry Corporate Name
001 - CONTROL NUMBER
- control field: 25867
003 - CONTROL NUMBER IDENTIFIER
- control field: ARRUPE
005 - DATE AND TIME OF LATEST TRANSACTION
- control field: 20160914154145.0
008 - FIXED-LENGTH DATA ELEMENTS
- fixed length control field: 160914|| aca||aabn | a|a d
040 ## - CATALOGING SOURCE
- Original cataloging agency: ARRUPE
- Transcribing agency: ARRUPE
110 ## - HEADING--CORPORATE NAME
- Corporate name or jurisdiction name as entry element: African National Congress.
670 ## - SOURCE DATA FOUND
- Source citation: Work cat.: (ARRUPE)0: Walshe, Peter, 1934- 25866, Black nationalism in South Africa;, 1973.